[Event "EU School-ch U11 Girls"]
[Site "Kallithea"]
[Date "2012.06.17"]
[Round "6"]
[White "Okuyaz, Duru"]
[Black "Badzgaradze, Elena"]
[Result "1/2-1/2"]
[WhiteElo "1453"]
[BlackElo "1618"]
[PlyCount "118"]
[EventDate "2012.06.13"]
[EventType "swiss"]
[EventRounds "9"]
[EventCountry "GRE"]
[SourceTitle "EXT 2024"]
[Source "ChessBase"]
[SourceDate "2023.10.10"]
[SourceVersion "1"]
[SourceVersionDate "2023.10.10"]
[SourceQuality "1"]

1. e4 e5 2. Nf3 Nc6 3. Bb5 a6 4. Ba4 Nf6 5. 0-0 Be7 6. Re1 b5 7. Bb3 d6 8. h3 0-0 9. c3 Na5 10. Bc2 c5 11. d4 Qc7 12. d5 c4 13. Be3 Nb7 14. Nbd2 Nc5 15. Bxc5 Qxc5 16. a3 Bb7 17. Nf1 Nd7 18. Ng3 g6 19. Nh2 Bf6 20. Qg4 Nb6 21. Nh5 Bg7 22. Nxg7 Kxg7 23. h4 Bc8 24. Qg3 f5 25. exf5 Bxf5 26. Bxf5 Rxf5 27. Nf3 Nxd5 28. Ng5 Nf4 29. Qxf4 exf4 30. Ne6+ Kf7 31. Nxc5 dxc5 32. Rad1 Ra7 33. Rd6 Rf6 34. Rd5 Rc7 35. Ree5 Re6 36. Rxc5 Rxc5 37. Rxc5 Re1+ 38. Kh2 Rb1 39. Rc7+ Kg8 40. Ra7 Rxb2 41. Rxa6 Rb3 42. a4 bxa4 43. Rxa4 Rxc3 44. Ra2 Rc1 45. Kh3 h5 46. g3 f3 47. g4 Rc3 48. g5 Rd3 49. Kg3 c3 50. Rc2 Kf7 51. Kf4 Rd4+ 52. Ke5 Rd2 53. Rxc3 Rxf2 54. Rc7+ Ke8 55. Kf6 Rh2 56. Kxg6 Rxh4 57. Rf7 Rh3 58. Rf4 h4 59. Kh5 Ke7 1/2-1/2

[Event "EU School-ch U11 Girls"]
[Site "Kallithea"]
[Date "2012.06.16"]
[Round "5"]
[White "Badzgaradze, Elena"]
[Black "Radeva, Viktoria"]
[Result "1/2-1/2"]
[WhiteElo "1618"]
[BlackElo "1813"]
[PlyCount "84"]
[EventDate "2012.06.13"]
[EventType "swiss"]
[EventRounds "9"]
[EventCountry "GRE"]
[SourceTitle "EXT 2024"]
[Source "ChessBase"]
[SourceDate "2023.10.10"]
[SourceVersion "1"]
[SourceVersionDate "2023.10.10"]
[SourceQuality "1"]

1. e4 c6 2. d4 d5 3. Nc3 dxe4 4. Nxe4 Bf5 5. Ng3 Bg6 6. h4 h6 7. Nh3 Nf6 8. Nf4 Bh7 9. Bc4 e6 10. 0-0 Bd6 11. Re1 Bxf4 12. Bxf4 0-0 13. c3 Nbd7 14. Qf3 Nb6 15. Bb3 Nbd5 16. Bd2 a5 17. a3 a4 18. Ba2 Nc7 19. Bb1 Bxb1 20. Raxb1 Ncd5 21. Ne2 Nd7 22. Qg3 Kh8 23. Nf4 N7f6 24. Nxd5 Nxd5 25. Re5 Qd6 26. Rbe1 Nb6 27. Bf4 Nd5 28. Bc1 Rad8 29. Qf3 Qe7 30. Qh3 Nb6 31. Qg4 Nd5 32. g3 Nf6 33. Qf3 Nd5 34. Kg2 Kh7 35. Qe4+ Kh8 36. Rh1 Nf6 37. Qf3 Rd5 38. Rxd5 Nxd5 39. Re1 Rd8 40. Qh5 Nf6 41. Qf3 Nd5 42. Re5 Kg8 1/2-1/2

[Event "Marianske Lazne op 11th"]
[Site "Marianske Lazne"]
[Date "2012.01.22"]
[Round "2"]
[White "Badzgaradze, Elena"]
[Black "Frantsuzova, Lyudmila Nikola"]
[Result "1-0"]
[WhiteElo "1534"]
[BlackElo "1796"]
[PlyCount "173"]
[EventDate "2012.01.21"]
[EventType "swiss"]
[EventRounds "9"]
[EventCountry "CZE"]
[SourceTitle "CBM 146 Extra"]
[Source "ChessBase"]
[SourceDate "2012.02.29"]
[SourceVersion "1"]
[SourceVersionDate "2012.02.29"]
[SourceQuality "1"]

1. e4 c5 2. Nf3 Nc6 3. d4 cxd4 4. Nxd4 Nf6 5. Nc3 e5 6. Ndb5 d6 7. Bg5 a6 8. Na3 h6 9. Bxf6 gxf6 10. Nd5 b5 11. Bd3 h5 12. c3 Bg4 13. Qd2 Bh6 14. Qc2 h4 15. h3 Be6 16. 0-0 Rg8 17. Kh1 Rc8 18. Qe2 f5 19. f4 Kf8 20. Rae1 fxe4 21. Bxe4 Bxd5 22. Bxd5 exf4 23. Qh5 Qf6 24. Bxf7 Rh8 25. Bd5 Ne5 26. Nc2 Rc5 27. Bb3 Bg5 28. Qe2 Kg7 29. Nd4 Re8 30. Qh5 Re7 31. Ne6+ Rxe6 32. Bxe6 Nd3 33. Re2 Re5 34. Rxe5 dxe5 35. Qf3 Qxe6 36. Qxd3 Qxa2 37. Qf5 Bf6 38. Rd1 Qf7 39. Rd7 Be7 40. Qxf7+ Kxf7 41. Ra7 e4 42. Kg1 Ke6 43. Rxa6+ Kd5 44. Kf1 Bd6 45. Ke2 Kc5 46. b3 Be5 47. c4 bxc4 48. Ra5+ Kd4 49. bxc4 Bc7 50. Rh5 Kxc4 51. Rxh4 Kd5 52. Rg4 Ke6 53. h4 Kf6 54. h5 Kf7 55. h6 Be5 56. h7 f3+ 57. gxf3 exf3+ 58. Kxf3 Bg7 59. Rh4 Bh8 60. Kg4 Kg6 61. Kf4 Kf6 62. Rh6+ Kf7 63. Kg5 Kg7 64. Kh5 Kf7 65. Rg6 Bg7 66. Rg1 Kf6 67. Rf1+ Ke7 68. Kg6 Bd4 69. Rf7+ Ke8 70. Rg7 Bxg7 71. Kxg7 Ke7 72. h8Q Ke6 73. Qf8 Ke5 74. Qf6+ Kd5 75. Qe7 Kd4 76. Kf6 Kd5 77. Qe5+ Kc4 78. Kf5 Kd3 79. Qe4+ Kc3 80. Ke5 Kb3 81. Kd5 Kc3 82. Qd4+ Kb3 83. Qc4+ Kb2 84. Kd4 Ka3 85. Qb5 Ka2 86. Kc3 Ka1 87. Qb2# 1-0